000 00288nam a2200109Ia 4500
001 1261542
005 20260417140354.0
008 260417s9999 xx 000 0 und d
020 _a9786258486278
245 0 _aCemile (Kutulu Özel Baskı)
_cCengiz Aytmatov
260 _bKetebe Yayınları
999 _c1261542
_d1261542